Largest Cities by Eastern European Country - Statistics

General Stats
  • This quiz has been taken 34 times
  • The average score is 54 of 100
Answer Stats
Country Population City % Correct
Romania 1,716,961 Bucharest
100%
Hungary 1,685,209 Budapest
100%
Belarus 1,995,471 Minsk
100%
Lativa 591,882 Riga
100%
Albania 389,323 Tirana
100%
Poland 1,861,599 Warsaw
100%
Serbia 1,197,714 Belgrade
96%
Ukraine 2,952,301 Kyiv
96%
Czech Republic 1,397,880 Prague
96%
Kosovo 143,469 Pristina
96%
Bosnia and Herzegovina 348,363 Sarajevo
96%
Bulgaria 1,205,548 Sofia
96%
Slovakia 478,040 Bratislava
92%
1,421,125 Kharkiv
92%
806,201 Krakow
92%
402,739 Brno
88%
Moldova 567,038 Chisinau
88%
Slovenia 290,903 Ljubljana
88%
Estonia 456,518 Tallinn
88%
Lithuania 592,156 Vilnius
88%
Croatia 663,592 Zagreb
88%
968,502 Dnipro
84%
Montenegro 173,024 Podgorica
84%
North Macedonia 422,540 Skopje
84%
149,830 Split
84%
652,015 Lodz
80%
673,743 Wroclaw
76%
901,645 Donetsk
72%
304,210 Kaunas
72%
178,976 Nis
72%
260,438 Novi Sad
72%
130,000 Tiraspol
72%
318,737 Varna
72%
329,489 Plovdiv
68%
286,598 Cluj-Napoca
64%
101,728 Durres
60%
501,802 Gomel
60%
97,522 Maribor
60%
60,195 Mostar
60%
1,010,537 Odesa
60%
538,439 Poznan
60%
107,964 Rijeka
60%
135,059 Banja Luka
56%
263,688 Constanta
56%
250,849 Timisoara
56%
78,112 Daugavpils
52%
159,403 Klaipeda
52%
225,044 Kosice
52%
97,304 Tartu
52%
189,014 Burgas
48%
202,130 Debrecen
48%
283,187 Ostrava
48%
66,320 Vlore
48%
67,309 Zadar
48%
15,868 Bar
44%
271,692 Iasi
44%
75,535 Osijek
44%
187,928 Plzen
44%
359,148 Vitebsk
44%
90,954 Balti
40%
20,168 Budva
40%
37,966 Kranj
40%
52,495 Narva
40%
157,282 Szeged
40%
38,059 Celje
36%
358,717 Grodno
36%
26,410 Koper
36%
139,412 Pecs
36%
87,000 Tighina
36%
51,933 Jurmala
32%
141,440 Miskolc
32%
86,606 Panevezys
32%
41,529 Parnu
32%
76,850 Prizren
32%
110,463 Siauliai
32%
121,249 Stara Zagora
32%
88,752 Subotica
32%
66,834 Elbasan
28%
75,051 Kumanovo
28%
67,398 Liepaja
28%
54,394 Niksic
28%
74,457 Tuzla
28%
70,553 Zenica
28%
54,821 Jelgava
24%
108,090 Liberec
24%
353,338 Mogilev
24%
63,308 Prilep
24%
80,634 Zilina
24%
76,499 Nitra
20%
16,419 Pljevlja
20%
82,286 Presov
20%
63,176 Tetovo
20%
32,839 Kohtla-Jarve
16%
26,457 Ungheni
16%
48,472 Ferizaj
12%
53,279 Gjilan
12%
41,809 Gjakove
4%
89,395 Kashar
4%
146,315 Kragujevac
4%
69,287 Bitovo
0%
No matching quizzes found
Score Distribution
Percent of People with Each Score
Percentile by Number Answered
Your Score History
You have not taken this quiz